000 01252cam a2200361Ia 4500
001 50693
005 20230411090004.0
008 041111s2004 mx 000 0 spa d
035 _a(OCoLC)ocm56951543
040 _aUXS
_cUXS
_dOCLCQ
_dPL#
_dGUL
_dOCL
_dCLU
020 _a9700751090
020 _a9789700751092
035 _a(OCoLC)56951543
082 0 4 _a342.7203
_bO7E5
_221
090 _aKGF2921
_b.E57 2004
049 _aGRAL
245 0 0 _aEnsayos en torno a una propuesta de reforma constitucional en materia de política exterior y derechos humanos /
_cLoretta Ortiz Ahlf ... [et al.].
260 _aMéxico :
_bEditorial Porrúa :
_bUniversidad Iberoamericana,
_c2004.
300 _axii, 167 p. ;
_c21 cm.
504 _aIncludes bibliographical references.
504 _aIncluye notas a pie de página e índice.
650 0 _aConstitutional law
_zMexico.
650 0 _aHuman rights
_zMexico.
650 0 _aTreaty-making power
_zMexico.
650 0 7 _aDerecho constitucional
_zMéxico.
_2lemb
650 0 7 _aDerechos humanos.
_2lemb
653 _aDerechos humanos
653 _aPolítica exterior
700 1 _aOrtiz Ahlf, Loretta.
938 _aPuvill Libros
_bPUVL
_n9700751090
_c$18.61
942 _2lcc
_cbk
994 _aC0
_bDRFGD
999 _c110499
_d110499